Normal view
MARC view
- Saima Hameed
Entry Personal Name
001 - CONTROL NUMBER
- control field: 101134
003 - CONTROL NUMBER IDENTIFIER
- control field: NUST
005 - DATE AND TIME OF LATEST TRANSACTION
- control field: 20221021155900.0
008 - FIXED-LENGTH DATA ELEMENTS
- fixed length control field: 221021|| aca||aabn | a|a d
040 ## - CATALOGING SOURCE
- Original cataloging agency: NUST
- Transcribing agency: NUST
100 ## - HEADING--PERSONAL NAME
- Personal name: Saima Hameed
670 ## - SOURCE DATA FOUND
- Source citation: Work cat.: (NUST)9252: Saima Hameed., Online Testing System , 2000.
